Tratamiento del alcoholismo: estudio de la eficacia en cuatro orientaciones terapeúticas

محفوظ في:
التفاصيل البيبلوغرافية
المؤلف الرئيسي: Miguez L, Hugo A.
التنسيق: نص
منشور في: San José: Instituto Nacional sobre Alcoholismo
الطبعة:2
الوسوم: إضافة وسم
لا توجد وسوم, كن أول من يضع وسما على هذه التسجيلة!

MARC

LEADER 00000 a a2200000 04500
001 15373
003
040
090 |a 023400  
100 |a Miguez L, Hugo A.  
245 |a Tratamiento del alcoholismo: estudio de la eficacia en cuatro orientaciones terapeúticas  
250 |a 2  
260 |a San José:   |b Instituto Nacional sobre Alcoholismo  
300 |a 66 p.  
999 |c 14387  |d 14387